<?xml version="1.0" encoding="UTF-8"?>
<collection xmlns="http://www.loc.gov/MARC21/slim">
 <record>
  <leader>01517aam a22002178a 4500</leader>
  <controlfield tag="001">NCT_1112</controlfield>
  <controlfield tag="008">110113s2010                  ||||||viesd</controlfield>
  <datafield tag="999" ind1=" " ind2=" ">
   <subfield code="c">55</subfield>
   <subfield code="d">55</subfield>
  </datafield>
  <datafield tag="020" ind1=" " ind2=" ">
   <subfield code="c">48500</subfield>
  </datafield>
  <datafield tag="082" ind1="0" ind2="4">
   <subfield code="2">3rd ed.</subfield>
   <subfield code="a">547</subfield>
   <subfield code="b">Y602/T.1</subfield>
  </datafield>
  <datafield tag="100" ind1="1" ind2=" ">
   <subfield code="a">Hoàng Trọng Yêm</subfield>
   <subfield code="e">Chủ biên</subfield>
  </datafield>
  <datafield tag="245" ind1="1" ind2="0">
   <subfield code="a">Hoá học hữu cơ</subfield>
   <subfield code="b">(Giáo trình cho sinh viên trường Đại học Bách Khoa Hà Nội, tài liệu tham khảo cho các trường đại học, cao đẳng khác)</subfield>
   <subfield code="n">Tập 1</subfield>
   <subfield code="c">Hoàng Trọng Yêm (chủ biên)</subfield>
  </datafield>
  <datafield tag="260" ind1=" " ind2=" ">
   <subfield code="a">H.</subfield>
   <subfield code="b">Bách khoa Hà Nội</subfield>
   <subfield code="c">2010</subfield>
  </datafield>
  <datafield tag="300" ind1=" " ind2=" ">
   <subfield code="a">197tr.</subfield>
   <subfield code="b">hình vẽ, bảng</subfield>
   <subfield code="c">21cm</subfield>
  </datafield>
  <datafield tag="520" ind1="3" ind2=" ">
   <subfield code="a">Cung cấp những khái niệm, những quy luật cơ bản của hoá học hữu cơ như lý thuyết về liên kết, các hiệu ứng, lượng tử hữu cơ, tác nhân và các loại phản ứng hữu cơ...</subfield>
  </datafield>
  <datafield tag="655" ind1=" " ind2="7">
   <subfield code="a">Giáo trình</subfield>
  </datafield>
  <datafield tag="942" ind1=" " ind2=" ">
   <subfield code="2">ddc</subfield>
   <subfield code="c">BK</subfield>
  </datafield>
  <datafield tag="952" ind1=" " ind2=" ">
   <subfield code="0">0</subfield>
   <subfield code="1">0</subfield>
   <subfield code="2">ddc</subfield>
   <subfield code="4">0</subfield>
   <subfield code="6">547_000000000000000_Y602_T_1</subfield>
   <subfield code="7">0</subfield>
   <subfield code="9">203</subfield>
   <subfield code="a">000001</subfield>
   <subfield code="b">000001</subfield>
   <subfield code="d">2017-10-02</subfield>
   <subfield code="l">1</subfield>
   <subfield code="o">547 Y602/T.1</subfield>
   <subfield code="p">MD.00098</subfield>
   <subfield code="r">2017-12-08</subfield>
   <subfield code="s">2017-11-27</subfield>
   <subfield code="v">48500.00</subfield>
   <subfield code="w">2017-10-02</subfield>
   <subfield code="y">BK</subfield>
  </datafield>
  <datafield tag="952" ind1=" " ind2=" ">
   <subfield code="0">0</subfield>
   <subfield code="1">0</subfield>
   <subfield code="2">ddc</subfield>
   <subfield code="4">0</subfield>
   <subfield code="6">547_000000000000000_Y602_T_1</subfield>
   <subfield code="7">0</subfield>
   <subfield code="9">204</subfield>
   <subfield code="a">000001</subfield>
   <subfield code="b">000001</subfield>
   <subfield code="d">2017-10-02</subfield>
   <subfield code="l">2</subfield>
   <subfield code="m">1</subfield>
   <subfield code="o">547 Y602/T.1</subfield>
   <subfield code="p">MD.00097</subfield>
   <subfield code="r">2020-07-23</subfield>
   <subfield code="s">2020-07-06</subfield>
   <subfield code="v">48500.00</subfield>
   <subfield code="w">2017-10-02</subfield>
   <subfield code="y">BK</subfield>
  </datafield>
  <datafield tag="952" ind1=" " ind2=" ">
   <subfield code="0">0</subfield>
   <subfield code="1">0</subfield>
   <subfield code="2">ddc</subfield>
   <subfield code="4">0</subfield>
   <subfield code="6">547_000000000000000_Y602_T_1</subfield>
   <subfield code="7">0</subfield>
   <subfield code="9">205</subfield>
   <subfield code="a">000001</subfield>
   <subfield code="b">000001</subfield>
   <subfield code="d">2017-10-02</subfield>
   <subfield code="o">547 Y602/T.1</subfield>
   <subfield code="p">MD.00096</subfield>
   <subfield code="r">2017-10-02</subfield>
   <subfield code="v">48500.00</subfield>
   <subfield code="w">2017-10-02</subfield>
   <subfield code="y">BK</subfield>
  </datafield>
  <datafield tag="980" ind1=" " ind2=" ">
   <subfield code="a">Thư viện Trường Đại học Nam Cần Thơ</subfield>
  </datafield>
 </record>
</collection>
